| 000 | 00529nam a22001937a 4500 | ||
|---|---|---|---|
| 003 | OSt | ||
| 005 | 20140310184458.0 | ||
| 008 | 130702t xxu||||| |||| 00| 0 eng d | ||
| 020 | _a0439542502 | ||
| 050 |
_aAG 243 _b.M884 2004 |
||
| 100 |
_aMorse, Jenifer Corr _928458 |
||
| 245 |
_aScholastic book of world records 2004 / _cJenifer Corr Morse |
||
| 260 |
_aNew York : _bScholastic, _c2004. |
||
| 300 |
_a304 p. ; _bill. col. ; _c23 cm. : |
||
| 521 | _aG9 | ||
| 526 | _c1120 | ||
| 942 |
_2lcc _cBK-SCHOLAS |
||
| 999 |
_c34688 _d34688 |
||